00353nam a22001337a 450000500170000000800410001704100120005808200120007010000120008224500220009426000470011630000310016365000250019420240802104337.0240802b |||||||| |||| 00| 0 eng d aEnglish a349 NAT lEnglish aNatal Law Reports aPietermaritzburg: bMunro Brothers, c1904 bxxvi, 373 pages; c25 cm.  aLegal practice bLaw